Additives in UV-activated urethane acrylate polymerization composite coatings
Los sistemas de recubrimiento curados por UV son un importante campo de investigacin̤ desde el punto de vista industrial. En este estudio se analiz ̤el desempeǫ de recubrimientos polimřicos delgados compuestos de uretano acrilato curados por UV. Se evaluaron diversos compuestos nitrocelulosa, acet...
Đã lưu trong:
| Tác giả khác: | , , , , , , |
|---|---|
| Định dạng: | Sách |
| Ngôn ngữ: | Tiếng Anh |
| Những chủ đề: | |
| Truy cập trực tuyến: | Additives in UV-activated urethane acrylate polymerization composite coatings |
| Các nhãn: |
Thêm thẻ
Không có thẻ, Là người đầu tiên thẻ bản ghi này!
|
MARC
| LEADER | 00000nam a22000004a 4500 | ||
|---|---|---|---|
| 001 | vpro9757 | ||
| 005 | 20201223000000.0 | ||
| 008 | 160321s2016 ck # g## #001 0#eng#d | ||
| 020 | |a 1736-6046 (versin̤ impresa) ; 1736-7530 (versin̤ online) | ||
| 022 | |||
| 040 | |a CO-BoINGC | ||
| 041 | 0 | |a eng | |
| 245 | 1 | 0 | |a Additives in UV-activated urethane acrylate polymerization composite coatings |
| 246 | |a Aditivos para recubrimientos compuestos en la polimerizacin̤ de uretano acrilato activados por UV | ||
| 264 | |a Bogot ̀(Colombia) : |b Revista VirtualPRO, |c 2016 | ||
| 520 | 3 | |a Los sistemas de recubrimiento curados por UV son un importante campo de investigacin̤ desde el punto de vista industrial. En este estudio se analiz ̤el desempeǫ de recubrimientos polimřicos delgados compuestos de uretano acrilato curados por UV. Se evaluaron diversos compuestos nitrocelulosa, acetato butirato de celulosa, benzoato de sacarosa y sl̕ice para determinar su influencia sobre las caracters̕ticas del compuesto sin reaccionar y de la pelc̕ula producto de la reaccin̤. | |
| 650 | \ | \ | |a Fisicoqum̕ica |
| 650 | \ | \ | |a Ciencias qum̕icas |
| 650 | \ | \ | |a Polimeros |
| 650 | \ | \ | |a Qum̕ica |
| 650 | \ | \ | |a Chemistry |
| 650 | \ | \ | |a physical and theoretical |
| 650 | \ | \ | |a Chemical sciences |
| 650 | \ | \ | |a Polymers |
| 650 | \ | \ | |a Chemistry |
| 650 | \ | \ | |a Recubrimientos |
| 650 | \ | \ | |a Recubrimientos polimřicos |
| 650 | \ | \ | |a Uretano acrilato |
| 650 | \ | \ | |a Curacin̤ por UV |
| 650 | \ | \ | |a Sl̕ice |
| 650 | \ | \ | |a Nitrocelulosa |
| 650 | \ | \ | |a Acetato butirato de celulosa |
| 650 | \ | \ | |a Benzoato de sacarosa |
| 650 | \ | \ | |a Coatings |
| 650 | \ | \ | |a Polymer coatings |
| 650 | \ | \ | |a Acrylate urethane |
| 650 | \ | \ | |a UV curing |
| 650 | \ | \ | |a Silica |
| 650 | \ | \ | |a Nitrocellulose |
| 650 | \ | \ | |a Cellulose acetate butyrate |
| 650 | \ | \ | |a Sucrose benzoate |
| 700 | \ | \ | |a Grigale Sorocina Zane |
| 700 | \ | \ | |a Kalnins Martins |
| 700 | \ | \ | |a Simanovska Jana |
| 700 | \ | \ | |a Vindedze Elīna |
| 700 | \ | \ | |a Birks Ingmars |
| 700 | \ | \ | |a Brazdauska Evita |
| 700 | \ | \ | |a Estonian Academy of Sciences |
| 856 | |z Additives in UV-activated urethane acrylate polymerization composite coatings |u https://virtualpro.unach.elogim.com/biblioteca/aditivos-para-recubrimientos-compuestos-en-la-polimerizacion-de-uretano-acrilato-activados-por-uv | ||